Conservación de frutas y hortalizas
Saved in:
| Hovedforfatter: | |
|---|---|
| Format: | Bog |
| Sprog: | spansk |
| Udgivet: |
Zaragoza
Acribia
1988
|
| Fag: | |
| Tags: |
Tilføj Tag
Ingen Tags, Vær først til at tagge denne postø!
|
MARC
| LEADER | 00000nam a2200000 a 4500 | ||
|---|---|---|---|
| 001 | UCV7391 | ||
| 003 | CL-VaPUC | ||
| 005 | 20230816111611.0 | ||
| 008 | 920108e19880000SP |||||||||||||||||spa|d | ||
| 999 | |c 213078 |d 213076 | ||
| 040 | |c Pontificia Universidad Católica de Valparaíso | ||
| 082 | 0 | 4 | |a 664.8 |b HOL |2 21 |
| 100 | |a Holdsworth, S. D |e author |9 382908 | ||
| 245 | 1 | 0 | |a Conservación de frutas y hortalizas |
| 260 | |a Zaragoza |b Acribia |c 1988 | ||
| 300 | |a 186 p | ||
| 583 | |a last modification |c 19920108 00:00:00 |k Rodrigo Vera | ||
| 650 | 0 | |a Alimentos |x Conservación |9 256203 | |
| 650 | 0 | |a Frutas |x Conservación |9 259500 | |
| 650 | 0 | |a Hortalizas |9 259501 |x Conservación | |
| 942 | |c BK |2 ddc | ||
| 945 | |d 19920108 00:00:00 | ||
| 952 | |0 0 |1 0 |4 0 |6 664_800000000000000_HOL_1988 |7 0 |8 A |9 195079 |a BIBALI |b BIBALI |c RES |d 2019-11-14 |i 3136655 |o 664.8 HOL 1988 |p 3136655 |r 2025-01-20 |w 2019-11-14 |y BK_R |k ALI | ||